000 00367nam a2200145Ia 4500
008 231217s9999 xx 000 0 und d
041 _aEnglish
082 _a823 CHE;1
100 _aChesterton, G K
245 0 _aNapoleon of notting hill
260 _c2003
_bJaico Publishing House,
_aMumbai
300 _av+170
650 _aNapoleon,notting,hill
942 _cAA
999 _c170320
_d170320